000 00458nam a22001577a 4500
999 _c522590
_d522590
003 NUST
005 20181122112127.0
008 181122b ||||| |||| 00| 0 eng d
038 _a0
082 _a332.12249591
100 _4State Bank of Pakistan
245 _aFinancial Statements Analysis of Companies ( Non-Financial) Listed at Karachi Stock Exchange.
260 _aPakistan
_bState Bank of Pakistan
_c2005-2010
300 _a490p.
942 _2ddc
_cBK